[Event "SM-2021-0-00444"]
[Site "LSS email"]
[Date "2021.05.05"]
[Round "?"]
[White "Delavekouras, Sotiris"]
[Black "Tomak, Alexander"]
[Result "1/2-1/2"]
[WhiteElo "2298"]
[BlackElo "2228"]
[PlyCount "54"]
[EventDate "2021.02.18"]
[EventType "tourn (corr)"]
[EventRounds "6"]
[EventCountry "GER"]
[SourceTitle "Corr 2024"]
[Source "ChessBase"]
[SourceDate "2023.10.19"]
[SourceVersion "1"]
[SourceVersionDate "2023.10.19"]
[SourceQuality "1"]

1. e4 c5 2. Nf3 d6 3. d4 cxd4 4. Nxd4 Nf6 5. Nc3 a6 6. h3 e6 7. g4 h6 8. Bg2 Be7 9. Qd3 Nc6 10. Nxc6 bxc6 11. g5 hxg5 12. Bxg5 Nd7 13. Bxe7 Qxe7 14. Qg3 Kf8 15. h4 e5 16. h5 Qf6 17. 0-0-0 Rh6 18. b3 a5 19. Qe3 Nc5 20. Bf3 Rh8 21. Rhg1 Qh6 22. Rg3 Ke7 23. Rdg1 Qxe3+ 24. fxe3 Ne6 25. Na4 Rb8 26. Bg4 Rh6 27. c4 g5 1/2-1/2

[Event "SM-2021-0-00444"]
[Site "LSS email"]
[Date "2021.05.05"]
[Round "?"]
[White "Dorer, Manfred"]
[Black "Tomak, Alexander"]
[Result "1/2-1/2"]
[WhiteElo "2316"]
[BlackElo "2228"]
[PlyCount "50"]
[EventDate "2021.02.18"]
[EventType "tourn (corr)"]
[EventRounds "6"]
[EventCountry "GER"]
[SourceTitle "Corr 2024"]
[Source "ChessBase"]
[SourceDate "2023.10.19"]
[SourceVersion "1"]
[SourceVersionDate "2023.10.19"]
[SourceQuality "1"]

1. e4 c5 2. Nf3 d6 3. d4 cxd4 4. Nxd4 Nf6 5. Nc3 a6 6. Be3 e5 7. Nb3 Be6 8. f3 h5 9. Nd5 Bxd5 10. exd5 g6 11. Qd2 Nbd7 12. Be2 Bg7 13. 0-0 b6 14. c4 0-0 15. Rae1 Re8 16. Kh1 Rc8 17. Qd1 a5 18. Nd2 Nc5 19. b3 e4 20. f4 Qd7 21. h3 b5 22. f5 gxf5 23. cxb5 Nxd5 24. Nc4 Qe6 25. Bd4 Nc3 1/2-1/2

[Event "CP-2018-Q-00005"]
[Site "LSS email"]
[Date "2018.11.28"]
[Round "?"]
[White "Nicolaescu, Nicolae"]
[Black "Tomak, Alexander"]
[Result "1/2-1/2"]
[WhiteElo "1910"]
[BlackElo "2163"]
[PlyCount "96"]
[EventDate "2018.12.01"]
[EventType "tourn (corr)"]
[EventRounds "6"]
[EventCountry "GER"]
[SourceTitle "Corr 2022"]
[Source "ChessBase"]
[SourceDate "2021.10.24"]
[SourceVersion "1"]
[SourceVersionDate "2021.10.24"]
[SourceQuality "1"]

1. d4 d5 2. c4 c6 3. Nf3 Nf6 4. Nc3 e6 5. e3 Nbd7 6. Bd3 dxc4 7. Bxc4 b5 8. Bd3 Bb7 9. e4 b4 10. Na4 c5 11. e5 Nd5 12. 0-0 cxd4 13. Re1 g6 14. Bg5 Qa5 15. Nxd4 a6 16. a3 bxa3 17. bxa3 Bg7 18. Rb1 Rb8 19. Bd2 Qd8 20. f4 0-0 21. Be4 Ba8 22. Bb4 Re8 23. Bxd5 Bxd5 24. Nc3 Ba8 25. Ne4 Bxe4 26. Rxe4 Qb6 27. Re1 Bh6 28. g3 Qa7 29. Rc1 Rec8 30. Rxc8+ Rxc8 31. Qd3 a5 32. Bd6 Nb6 33. Nb3 Bf8 34. Qd4 a4 35. Nd2 Qa6 36. Ne4 Nd5 37. Qb2 h5 38. Qe2 Qb7 39. Qd2 Qb3 40. Rc1 Rxc1+ 41. Qxc1 Bh6 42. Kf2 h4 43. Qd2 Qb1 44. Qe1 Qb6+ 45. Kg2 Qb3 46. Qd2 Qc4 47. Nf2 Qc6 48. Kf1 Qc4+ 1/2-1/2

[Event "CP-2017-P-00038"]
[Site "LSS email"]
[Date "2017.09.27"]
[Round "?"]
[White "Moskalenko, Eduard"]
[Black "Tomak, Alexander"]
[Result "1/2-1/2"]
[WhiteElo "2213"]
[BlackElo "2147"]
[PlyCount "46"]
[EventDate "2017.10.01"]
[EventType "tourn (corr)"]
[EventRounds "6"]
[EventCountry "GER"]
[SourceTitle "Corr 2022"]
[Source "ChessBase"]
[SourceDate "2021.10.24"]
[SourceVersion "1"]
[SourceVersionDate "2021.10.24"]
[SourceQuality "1"]

1. e4 c5 2. Nf3 d6 3. d4 cxd4 4. Nxd4 Nf6 5. Nc3 a6 6. Be3 e5 7. Nb3 Be6 8. h3 Be7 9. f4 Nc6 10. f5 Bxb3 11. axb3 d5 12. exd5 Nb4 13. g3 Qc7 14. d6 Bxd6 15. Nb5 Nxc2+ 16. Ke2 Qc6 17. Nxd6+ Ke7 18. Rc1 Nxe3 19. Rxc6 Nxd1 20. Nxb7 Rhb8 21. Rc7+ Kf8 22. Bg2 Nxb2 23. Rhc1 e4 1/2-1/2

[Event "CP-2017-P-00038"]
[Site "LSS email"]
[Date "2017.09.27"]
[Round "?"]
[White "Tomak, Alexander"]
[Black "Mueller Toepler, Michael"]
[Result "1-0"]
[WhiteElo "2147"]
[BlackElo "1677"]
[PlyCount "47"]
[EventDate "2017.10.01"]
[EventType "tourn (corr)"]
[EventRounds "6"]
[EventCountry "GER"]
[SourceTitle "Corr 2022"]
[Source "ChessBase"]
[SourceDate "2021.10.24"]
[SourceVersion "1"]
[SourceVersionDate "2021.10.24"]
[SourceQuality "1"]

1. e4 e5 2. Nf3 Nc6 3. Bb5 a6 4. Ba4 Qf6 5. Nc3 Nge7 6. 0-0 Qd6 7. Re1 f6 8. d4 Nxd4 9. Nxd4 Qxd4 10. Qh5+ g6 11. Qf3 Bg7 12. Be3 Qc4 13. Rad1 Rb8 14. Bb3 Qb4 15. a3 Qa5 16. h4 h6 17. Qg3 c6 18. f4 Ra8 19. fxe5 Qxe5 20. Qf2 Qb8 21. Bc5 b6 22. e5 f5 23. Bd6 Qa7 24. h5 1-0

[Event "CP-2017-P-00038"]
[Site "LSS email"]
[Date "2017.09.27"]
[Round "?"]
[White "Tomak, Alexander"]
[Black "Nemeth, Laszlo"]
[Result "1-0"]
[WhiteElo "2147"]
[BlackElo "1530"]
[PlyCount "95"]
[EventDate "2017.10.01"]
[EventType "tourn (corr)"]
[EventRounds "6"]
[EventCountry "GER"]
[SourceTitle "Corr 2022"]
[Source "ChessBase"]
[SourceDate "2021.10.24"]
[SourceVersion "1"]
[SourceVersionDate "2021.10.24"]
[SourceQuality "1"]

1. e4 c5 2. Nf3 Nc6 3. Nc3 g6 4. d4 cxd4 5. Nxd4 Bg7 6. Be3 Nf6 7. Bc4 0-0 8. Bb3 d6 9. f3 Bd7 10. Qd2 Rc8 11. 0-0-0 Na5 12. Kb1 Nxb3 13. cxb3 h5 14. h3 Kh7 15. g4 a6 16. Nc2 Bc6 17. Bg5 b5 18. Rhg1 Qd7 19. Bxf6 Bxf6 20. gxh5 a5 21. Ne3 e6 22. Qd3 Be5 23. Ng4 Qe7 24. Nxe5 dxe5 25. Nxb5 g5 26. Nd6 Rcd8 27. Qe3 f6 28. Nc4 Rxd1+ 29. Rxd1 Rd8 30. Rxd8 Qxd8 31. Qa7+ Kh6 32. Ne3 Bd7 33. Ng4+ Kg7 34. h6+ Kf7 35. h7 Kg7 36. Nxf6 Qxf6 37. Qxd7+ Kh8 38. Qd3 Kxh7 39. a4 Kg6 40. Qd7 Kh6 41. Ka2 Kg6 42. b4 axb4 43. a5 b3+ 44. Ka3 Qf8+ 45. Ka4 Qc5 46. a6 Qc4+ 47. Ka5 Qc5+ 48. Qb5 1-0

[Event "SB-2017-0-00490"]
[Site "LSS email"]
[Date "2017.03.20"]
[Round "?"]
[White "Tomak, Alexander"]
[Black "Herzog, Agnes"]
[Result "1-0"]
[WhiteElo "2138"]
[BlackElo "1927"]
[PlyCount "49"]
[EventDate "2017.02.13"]
[EventType "tourn (corr)"]
[EventRounds "6"]
[EventCountry "GER"]
[SourceTitle "Corr 2022"]
[Source "ChessBase"]
[SourceDate "2021.10.24"]
[SourceVersion "1"]
[SourceVersionDate "2021.10.24"]
[SourceQuality "1"]

1. e4 e5 2. Nf3 Nc6 3. Bb5 Nf6 4. d3 Bc5 5. Bxc6 dxc6 6. h3 0-0 7. Nbd2 Re8 8. Nc4 b5 9. Ne3 Nh5 10. g3 Qd6 11. Nh4 Nf6 12. a4 b4 13. Nhf5 Qe6 14. b3 Bd4 15. Rb1 g6 16. Nh6+ Kg7 17. g4 Qe7 18. h4 Bc3+ 19. Ke2 Bd4 20. h5 Ng8 21. hxg6 fxg6 22. Nef5+ gxf5 23. gxf5 Kh8 24. Bg5 Qg7 25. Qg1 1-0

[Event "SB-2017-0-00490"]
[Site "LSS email"]
[Date "2017.03.20"]
[Round "?"]
[White "Tomak, Alexander"]
[Black "Zhdanenia, Konstantin A"]
[Result "1-0"]
[WhiteElo "2138"]
[BlackElo "1766"]
[PlyCount "57"]
[EventDate "2017.02.13"]
[EventType "tourn (corr)"]
[EventRounds "6"]
[EventCountry "GER"]
[SourceTitle "Corr 2022"]
[Source "ChessBase"]
[SourceDate "2021.10.24"]
[SourceVersion "1"]
[SourceVersionDate "2021.10.24"]
[SourceQuality "1"]

1. e4 e6 2. d4 d5 3. Nc3 Bb4 4. e5 c5 5. a3 Bxc3+ 6. bxc3 Ne7 7. Qg4 Kf8 8. Qd1 Kg8 9. Nf3 b6 10. a4 Nbc6 11. Be2 Qc7 12. 0-0 Bd7 13. Ba3 Na5 14. dxc5 bxc5 15. Qd2 h5 16. Rfb1 Nf5 17. h3 Rh6 18. Bc1 Nc6 19. Qd1 Rh8 20. c4 dxc4 21. Bxc4 Nce7 22. Bb5 Bc6 23. Bxc6 Nxc6 24. c3 Rd8 25. Qe2 Rd5 26. a5 Nxa5 27. Rb5 Nc6 28. Rab1 Qc8 29. Bg5 1-0

[Event "SB-2017-0-00490"]
[Site "LSS email"]
[Date "2017.03.20"]
[Round "?"]
[White "Yloenen, Olli"]
[Black "Tomak, Alexander"]
[Result "1/2-1/2"]
[WhiteElo "1892"]
[BlackElo "2138"]
[PlyCount "53"]
[EventDate "2017.02.13"]
[EventType "tourn (corr)"]
[EventRounds "6"]
[EventCountry "GER"]
[SourceTitle "Corr 2022"]
[Source "ChessBase"]
[SourceDate "2021.10.24"]
[SourceVersion "1"]
[SourceVersionDate "2021.10.24"]
[SourceQuality "1"]

1. d4 d5 2. c4 c6 3. Nf3 Nf6 4. Nc3 e6 5. Bg5 h6 6. Bxf6 Qxf6 7. e3 Nd7 8. Bd3 dxc4 9. Bxc4 g6 10. 0-0 Bg7 11. Re1 Qe7 12. e4 b5 13. Bd3 b4 14. Na4 Bb7 15. e5 Rd8 16. Rc1 0-0 17. Qe2 c5 18. Nxc5 Bxf3 19. Qxf3 Nxc5 20. dxc5 Rd5 21. c6 Bxe5 22. g3 Qd6 23. Be4 Bxb2 24. Bxd5 Bxc1 25. Rxc1 Qxd5 26. Qe2 Rc8 27. c7 1/2-1/2

[Event "WC-2015-Q-00008"]
[Site "LSS email"]
[Date "2015.09.08"]
[Round "?"]
[White "Sarakenidis, Nikolaos"]
[Black "Tomak, Alexander"]
[Result "1/2-1/2"]
[WhiteElo "2380"]
[BlackElo "2097"]
[PlyCount "67"]
[EventDate "2015.09.15"]
[EventType "tourn (corr)"]
[EventRounds "12"]
[EventCountry "GER"]
[SourceTitle "Corr 2022"]
[Source "ChessBase"]
[SourceDate "2021.10.24"]
[SourceVersion "1"]
[SourceVersionDate "2021.10.24"]
[SourceQuality "1"]

1. e4 c5 2. Nf3 d6 3. d4 cxd4 4. Nxd4 Nf6 5. Nc3 a6 6. Bg5 Nbd7 7. Qe2 e6 8. f4 h6 9. Bh4 e5 10. fxe5 Nxe5 11. Bxf6 Qxf6 12. Nd5 Qd8 13. Nf3 Qa5+ 14. c3 Be6 15. 0-0-0 0-0-0 16. Kb1 Kb8 17. Qf2 Rc8 18. Nxe5 dxe5 19. Be2 h5 20. Qg3 f6 21. Qd3 Qa4 22. h3 Bc5 23. Rhf1 Rcd8 24. b3 Qc6 25. g4 h4 26. Bf3 Rd6 27. Qd2 Rc8 28. Qe2 Ba3 29. Rd3 Qb5 30. Qd2 Rdc6 31. Be2 Qa5 32. Rff3 Bxd5 33. exd5 R6c7 34. Rfe3 1/2-1/2

[Event "WC-2015-Q-00008"]
[Site "LSS email"]
[Date "2015.09.08"]
[Round "?"]
[White "Tomak, Alexander"]
[Black "Ketelhoehn, Bernd"]
[Result "1/2-1/2"]
[WhiteElo "2097"]
[BlackElo "2445"]
[PlyCount "88"]
[EventDate "2015.09.15"]
[EventType "tourn (corr)"]
[EventRounds "12"]
[EventCountry "GER"]
[SourceTitle "Corr 2022"]
[Source "ChessBase"]
[SourceDate "2021.10.24"]
[SourceVersion "1"]
[SourceVersionDate "2021.10.24"]
[SourceQuality "1"]

1. e4 e5 2. Nf3 Nc6 3. Bb5 a6 4. Ba4 Nf6 5. 0-0 b5 6. Bb3 Bc5 7. c3 d6 8. d4 Bb6 9. a4 Bb7 10. Bg5 h6 11. Bxf6 Qxf6 12. axb5 axb5 13. Rxa8+ Bxa8 14. d5 Na7 15. Na3 0-0 16. Qe2 Qf4 17. Nc2 Bb7 18. g3 Qg4 19. Ne3 Qh5 20. Bd1 Bc8 21. Qd3 Qg6 22. Nf5 Qf6 23. Kg2 Bd7 24. N3h4 b4 25. Bg4 Bxf5 26. Nxf5 bxc3 27. bxc3 g6 28. Ne3 Rb8 29. Be2 Kg7 30. f4 Bxe3 31. Qxe3 Nc8 32. f5 Ne7 33. fxg6 Qxg6 34. Bf3 Rb2+ 35. Rf2 Rxf2+ 36. Kxf2 Ng8 37. c4 f5 38. exf5 Qxf5 39. Qe4 Qg5 40. Qg4 Qxg4 41. Bxg4 Kg6 42. Ke3 Nf6 43. Be2 Kg5 44. h3 h5 1/2-1/2

[Event "CP-2014-P-00034"]
[Site "LSS email"]
[Date "2014.09.30"]
[Round "?"]
[White "Simmelink, Joop Theo"]
[Black "Tomak, Alexander"]
[Result "0-1"]
[WhiteElo "2289"]
[BlackElo "1835"]
[PlyCount "51"]
[EventDate "2014.10.01"]
[EventType "tourn (corr)"]
[EventRounds "6"]
[EventCountry "GER"]
[SourceTitle "Corr 2015"]
[Source "ChessBase"]
[SourceDate "2015.07.17"]
[SourceVersion "1"]
[SourceVersionDate "2015.07.17"]
[SourceQuality "1"]

1. d4 d5 2. c4 dxc4 3. e3 Nf6 4. Bxc4 e6 5. Nf3 c5 6. Qe2 a6 7. dxc5 Bxc5 8. 0-0 0-0 9. e4 b5 10. Bd3 Nc6 11. e5 Nb4 12. Rd1 Nxd3 13. Rxd3 Nd5 14. Nc3 Nxc3 15. Rxc3 Be7 16. Rd3 Qc7 17. Bf4 Qc4 18. Nd4 Bb7 19. Rc1 Qxa2 20. Rc7 Bd5 21. Rxe7 Bc4 22. h3 Bxd3 23. Qxd3 Rad8 24. Be3 Qxb2 25. Ra7 Qa2 26. Qxb5 0-1

[Event "CP-2014-P-00034"]
[Site "LSS email"]
[Date "2014.09.30"]
[Round "?"]
[White "Tomak, Alexander"]
[Black "Bergmann, Michael"]
[Result "1/2-1/2"]
[WhiteElo "1835"]
[BlackElo "2390"]
[PlyCount "44"]
[EventDate "2014.10.01"]
[EventType "tourn (corr)"]
[EventRounds "6"]
[EventCountry "GER"]
[SourceTitle "Corr 2015"]
[Source "ChessBase"]
[SourceDate "2015.07.17"]
[SourceVersion "1"]
[SourceVersionDate "2015.07.17"]
[SourceQuality "1"]

1. e4 c5 2. Nf3 d6 3. d4 cxd4 4. Qxd4 Nc6 5. Bb5 Bd7 6. Qd3 g6 7. 0-0 Bg7 8. Nc3 Nf6 9. Rd1 0-0 10. h3 a6 11. Bc4 b5 12. Bb3 b4 13. Na4 Na5 14. e5 Nxb3 15. axb3 dxe5 16. Nxe5 Bb5 17. Qf3 Qc7 18. Nc4 Rad8 19. Bf4 Qc8 20. Nab6 Qf5 21. Ne3 Qc5 22. Nec4 Qf5 1/2-1/2

[Event "CP-2014-S-00004"]
[Site "LSS email"]
[Date "2014.05.12"]
[Round "?"]
[White "Nepomuk, Hans"]
[Black "Tomak, Alexander"]
[Result "1/2-1/2"]
[WhiteElo "2169"]
[BlackElo "1936"]
[PlyCount "84"]
[EventDate "2014.05.18"]
[EventType "tourn (corr)"]
[EventRounds "7"]
[EventCountry "GER"]
[SourceTitle "Corr 2022"]
[Source "ChessBase"]
[SourceDate "2021.10.24"]
[SourceVersion "1"]
[SourceVersionDate "2021.10.24"]
[SourceQuality "1"]

1. d4 d5 2. c4 c6 3. Nf3 Nf6 4. e3 e6 5. b3 Nbd7 6. Bb2 Ne4 7. Bd3 Bb4+ 8. Nbd2 f5 9. 0-0 0-0 10. a3 Be7 11. Qc2 b6 12. cxd5 cxd5 13. Rfc1 Rb8 14. a4 Bb7 15. Qd1 a6 16. Ba3 Bxa3 17. Rxa3 Qe7 18. Ra2 Rfc8 19. Rac2 Rxc2 20. Rxc2 Qf8 21. Be2 h6 22. Nh4 Kh7 23. Bh5 Rc8 24. Ng6 Qb4 25. Rxc8 Bxc8 26. Nxe4 dxe4 27. h4 Qd6 28. Nf4 Nf8 29. Qf1 g5 30. Nh3 Qd8 31. b4 a5 32. bxa5 bxa5 33. Qb5 Bd7 34. Qe5 Bxa4 35. d5 Bb3 36. dxe6 Bxe6 37. hxg5 hxg5 38. g4 Qd1+ 39. Kh2 Qd5 40. Qf6 fxg4 41. Nxg5+ Kg8 42. Be8 Qd6+ 1/2-1/2

[Event "WC-2018-P-00021"]
[Site "LSS email"]
[Date "2014.02.03"]
[Round "?"]
[White "Nowak, Adam"]
[Black "Tomak, Alexander"]
[Result "1/2-1/2"]
[WhiteElo "1901"]
[BlackElo "1835"]
[PlyCount "60"]
[EventDate "2014.02.10"]
[EventType "tourn (corr)"]
[EventRounds "10"]
[EventCountry "GER"]
[SourceTitle "Corr 2015"]
[Source "ChessBase"]
[SourceDate "2015.07.17"]
[SourceVersion "1"]
[SourceVersionDate "2015.07.17"]
[SourceQuality "1"]

1. e3 d5 2. a3 e5 3. d4 exd4 4. exd4 Nf6 5. Nc3 Bd6 6. Bd3 c6 7. Nf3 0-0 8. 0-0 Bg4 9. h3 Bh5 10. g4 Bg6 11. Re1 Nbd7 12. Nh4 Qc7 13. Be3 Rae8 14. Nf5 Bxf5 15. Bxf5 g6 16. Bd3 Re6 17. Qf3 Rfe8 18. Rad1 Bf4 19. Re2 Bxe3 20. fxe3 Kg7 21. Rf1 R8e7 22. Kg2 Qd6 23. Rfe1 a6 24. b4 Nb6 25. Qg3 Nc8 26. Na4 Qxg3+ 27. Kxg3 Nd6 28. Nc5 Nfe4+ 29. Kg2 Rf6 30. Bxe4 Nxe4 1/2-1/2

[Event "WC-2018-P-00021"]
[Site "LSS email"]
[Date "2014.02.03"]
[Round "?"]
[White "Tomak, Alexander"]
[Black "Hammerschmidt, Volker"]
[Result "1/2-1/2"]
[WhiteElo "1835"]
[BlackElo "1910"]
[PlyCount "57"]
[EventDate "2014.02.10"]
[EventType "tourn (corr)"]
[EventRounds "10"]
[EventCountry "GER"]
[SourceTitle "Corr 2015"]
[Source "ChessBase"]
[SourceDate "2015.07.17"]
[SourceVersion "1"]
[SourceVersionDate "2015.07.17"]
[SourceQuality "1"]

1. e4 c6 2. d4 d5 3. e5 Bf5 4. Nf3 e6 5. Be2 c5 6. c3 Nc6 7. 0-0 cxd4 8. cxd4 Nge7 9. a3 Nc8 10. Nc3 Be7 11. Bd3 Bxd3 12. Qxd3 Nb6 13. b3 0-0 14. Ne2 a5 15. a4 Nc8 16. Bd2 Nb4 17. Bxb4 Bxb4 18. Ne1 Ne7 19. Nc2 Nc6 20. Nxb4 Nxb4 21. Qd2 Rc8 22. Rac1 Qd7 23. Nc3 Rc6 24. Nb5 Rfc8 25. f4 Rc2 26. Rxc2 Rxc2 27. Qe3 Nc6 28. Rf2 Rxf2 29. Kxf2 1/2-1/2

[Event "WC-2018-P-00021"]
[Site "LSS email"]
[Date "2014.02.03"]
[Round "?"]
[White "Tomak, Alexander"]
[Black "Jovanovic, Bratislav"]
[Result "1-0"]
[WhiteElo "1835"]
[BlackElo "2123"]
[PlyCount "65"]
[EventDate "2014.02.10"]
[EventType "tourn (corr)"]
[EventRounds "10"]
[EventCountry "GER"]
[SourceTitle "Corr 2015"]
[Source "ChessBase"]
[SourceDate "2015.07.17"]
[SourceVersion "1"]
[SourceVersionDate "2015.07.17"]
[SourceQuality "1"]

1. e4 e6 2. d4 d5 3. Nc3 Nf6 4. e5 Nfd7 5. f4 c5 6. Nf3 Nc6 7. Be3 a6 8. Be2 Be7 9. Qd2 0-0 10. 0-0 b5 11. Nd1 b4 12. Nf2 c4 13. c3 a5 14. Qc2 h6 15. a3 Rb8 16. Ng4 bxa3 17. bxa3 a4 18. Nd2 h5 19. Nf2 g6 20. Qxa4 Nb6 21. Qd1 Na5 22. Rb1 Bd7 23. Bxh5 Na4 24. Rxb8 Qxb8 25. Nb1 Qb2 26. f5 exf5 27. e6 fxe6 28. Bxg6 Kg7 29. Bh5 Bd6 30. Ng4 Rh8 31. Nh6 Rxh6 32. Bxh6+ Kxh6 33. Bf7 1-0

[Event "CP-2011-Q-00014"]
[Site "LSS email"]
[Date "2013.01.14"]
[Round "?"]
[White "Larin, Igor Yaroslavovich"]
[Black "Tomak, Alexander"]
[Result "1/2-1/2"]
[WhiteElo "2253"]
[BlackElo "1525"]
[PlyCount "61"]
[EventDate "2013.01.20"]
[EventType "tourn (corr)"]
[EventRounds "8"]
[EventCountry "GER"]
[SourceTitle "Telechess CBM 163"]
[Source "ChessBase"]
[SourceDate "2014.11.11"]
[SourceVersion "2"]
[SourceVersionDate "2014.11.11"]
[SourceQuality "1"]

1. d4 d5 2. c4 c6 3. Nf3 Nf6 4. e3 e6 5. Bd3 Nbd7 6. 0-0 dxc4 7. Bxc4 Bd6 8. Nc3 0-0 9. e4 e5 10. Bg5 Qe7 11. Re1 Rd8 12. h3 h6 13. Bh4 Qf8 14. Bg3 Bb8 15. d5 b5 16. dxc6 bxc4 17. cxd7 Nxd7 18. Qe2 Ba6 19. Red1 Bd6 20. Nh4 Nc5 21. Nf5 f6 22. Nd5 Qf7 23. Qf3 Rac8 24. b3 Bf8 25. Nxh6+ gxh6 26. Nxf6+ Kh8 27. Rxd8 Rxd8 28. Bxe5 Nd3 29. Bc3 Qg6 30. Rd1 Bg7 31. bxc4 1/2-1/2